| 000 | 00574nam a2200181Ia 4500 | ||
|---|---|---|---|
| 008 | 090122s9999 xx 000 0 und d | ||
| 082 |
_b14001 _a891.468 |
||
| 100 |
_aराऊत _bभारतकुमार |
||
| 245 | _aअसा दृष्टिकोन | ||
| 260 |
_bअनघा _c2007 |
||
| 300 | _a208 | ||
| 501 | _a028 - 26/12/2008 अनघा प्रकाशन ठाणे | ||
| 600 | _aराऊत | ||
| 630 | _aअसा दृष्टिकोन | ||
| 700 | _aराऊत | ||
| 730 | _aअसा दृष्टिकोन | ||
| 942 | _cBOOK | ||
| 999 |
_c38078 _d38078 |
||